Khilafah menurut Rasyid Rida dan relevansinya dengan masyarakat Islam modern /
Saved in:
| Main Author: | |
|---|---|
| Format: | Thesis Book |
| Language: | Indonesian |
| Subjects: | |
| Tags: |
Add Tag
No Tags, Be the first to tag this record!
|
| LEADER | 01110cam a2200313 a 4500 | ||
|---|---|---|---|
| 001 | u747871 | ||
| 003 | SIRSI | ||
| 005 | 200711061103 | ||
| 008 | 970508s1989 io v 000 0 ind | ||
| 040 | |a UMA |e rda | ||
| 094 | |a BP166.9 |b Har | ||
| 100 | 1 | 0 | |a Harun, Maidir |e author. |
| 245 | 1 | 0 | |a Khilafah menurut Rasyid Rida dan relevansinya dengan masyarakat Islam modern / |c oleh Maidir Harun. |
| 264 | 1 | |c 1989. | |
| 264 | 4 | |c 1989. | |
| 300 | |a x, 291 leaves ; |c 28 cm. | ||
| 336 | |a text |2 rdacontent | ||
| 337 | |a unmediated |2 rdamedia | ||
| 338 | |a volume |2 rdacarrier | ||
| 502 | |a Thesis (Ph.D.) -- Fakultas Pascasarjana, Institut Agama Islam Negeri Syarif Hidayatullah, Jakarta, 1989. | ||
| 504 | |a Bibliography: p. 283-290. | ||
| 650 | 0 | |a Caliphate. | |
| 650 | 0 | |a Islam and state. | |
| 650 | 0 | |a Islam |y 20th century. | |
| 600 | 0 | 0 | |a Muhammad Rashid Rida. |
| 710 | 2 | 0 | |a Institut Agama Islam Negeri Syarif Hidayatullah. |b Program Pascasarjana. |
| 900 | |a JAR | ||
| 596 | |a 12 | ||
| 999 | |a BP166.9 HAR |w LC |c 1 |i A512967221 |d 3/12/2019 |e 3/12/2019 |f 25/1/2010 |g 1 |l RESERVES |m P12ISLAMKL |n 3 |p $243.00 |r Y |s Y |t TESIS |u 25/1/2010 | ||
